[Event "1er Open d'Espalion"]
[Site "Espalion (12)"]
[Date "2016.07.14"]
[Round "7.16"]
[White "Herrero, Alain"]
[Black "Mourgues, Joelle"]
[Result "1/2-1/2"]
[WhiteElo "1676"]
[BlackElo "1717"]
[PlyCount "100"]
[EventDate "2016.??.??"]

1. d4 Nf6 2. c4 e6 3. Nc3 Bb4 4. e3 O-O 5. Bd3 c5 6. a3 cxd4 7. exd4 Bxc3+ 8.
bxc3 d6 9. Nf3 Qa5 10. Qc2 Qh5 11. O-O h6 12. Bf4 d5 13. Rfe1 dxc4 14. Bxc4 b6
15. Be2 Bb7 16. Ne5 Qf5 17. Qxf5 exf5 18. f3 Nd5 19. Bd2 f6 20. Nd3 Nd7 21. Nf4
Rac8 22. Rac1 g5 23. Ne6 Rfe8 24. Bd3 Ne7 25. c4 Nf8 26. Bc3 Nxe6 27. Rxe6 Kf7
28. d5 Ng8 29. Bxf5 Rxc4 30. Bg6+ Kxg6 31. Rxe8 Bxd5 32. Bd2 Rd4 33. Bc3 Ra4
34. Rd8 Bf7 35. Bb4 a5 36. Ra8 f5 37. Ra7 Nf6 38. Rc6 Be8 39. Rxb6 axb4 40.
Rxa4 Bxa4 41. Rxb4 Be8 42. Rb6 Kf7 43. Kf2 h5 44. g3 Nd5 45. Ra6 Nc3 46. Ke3
Bb5 47. Ra7+ Kf6 48. Kd4 Na4 49. Ra5 Bd7 50. Ra6+ Kf7 1/2-1/2

[Event "1er Open d'Espalion"]
[Site "Espalion (12)"]
[Date "2016.07.14"]
[Round "7.17"]
[White "Kedinger, Christian"]
[Black "Brochet, Thierry"]
[Result "1/2-1/2"]
[WhiteElo "1820"]
[BlackElo "1582"]
[PlyCount "114"]
[EventDate "2016.??.??"]

1. e4 c5 2. Nc3 Nc6 3. Bb5 Nd4 4. Bc4 e6 5. Nge2 Qc7 6. d3 g6 7. O-O a6 8. Nxd4
cxd4 9. Ne2 Bg7 10. f4 Ne7 11. Bb3 d5 12. Ng3 O-O 13. Bd2 dxe4 14. Nxe4 Nc6 15.
Qe1 b6 16. Rc1 Qd8 17. Qf2 Bb7 18. a3 Rc8 19. g4 Ne7 20. Bb4 Re8 21. Nd6 Ba8
22. Nxc8 Qxc8 23. h3 Nd5 24. Bxd5 Bxd5 25. c4 dxc3 26. Bxc3 Qb7 27. Bxg7 Kxg7
28. Kh2 Qb8 29. Kg1 Rd8 30. Rc3 Qd6 31. Qd4+ Kg8 32. Rfc1 Qe7 33. g5 h6 34. Qf6
Qxf6 35. gxf6 g5 36. Rc8 Rxc8 37. Rxc8+ Kh7 38. fxg5 hxg5 39. Rc2 Kg6 40. Rf2
a5 41. Kh2 e5 42. Kg3 Be6 43. Rc2 Bf5 44. Rc6 b5 45. Rd6 b4 46. axb4 axb4 47.
Rb6 Bxd3 48. h4 gxh4+ 49. Kxh4 e4 50. Kg4 b3 51. Rxb3 Kxf6 52. Kf4 Ke6 53. Rb6+
Kd5 54. Rf6 Kd4 55. Rxf7 Bc4 56. Rd7+ Bd5 57. Kg3 e3 (57... e3 58. b4 $1 Kc4 (
58... Ke5 59. Re7+ Kd4 60. b5 Kc5 61. Re5 Kd6 62. Rxe3 Kc7 63. Re5 Bb3) 59. b5
Be6 60. Re7 Bd5 61. b6) 1/2-1/2

[Event "1er Open d'Espalion"]
[Site "Espalion (12)"]
[Date "2016.07.14"]
[Round "7.18"]
[White "Dutertre, Jean-Michel"]
[Black "Marie, Olivier"]
[Result "1/2-1/2"]
[WhiteElo "1583"]
[BlackElo "1560"]
[PlyCount "68"]
[EventDate "2016.??.??"]

1. d4 g6 2. Nf3 c5 3. c3 Qc7 4. g3 Bg7 5. Bg2 Nf6 6. O-O O-O 7. Na3 a5 8. Bf4
d6 9. dxc5 Qxc5 10. Be3 Qc7 11. Nb5 Qd8 12. Nfd4 Na6 13. a4 Nc5 14. Nb3 Ncd7
15. Nd2 Ng4 16. Nc4 Nxe3 17. Nxe3 Ne5 18. Qc2 Nc6 19. Rad1 Rb8 20. Nd5 Ne5 21.
f4 Nc4 22. b3 Nb6 23. e4 Bd7 24. c4 Nxd5 25. Rxd5 Bc6 26. Rdd1 Qb6+ 27. Qf2
Qxf2+ 28. Kxf2 Bb2 29. Nd4 Ba3 30. Nxc6 bxc6 31. Rd3 Bc5+ 32. Ke2 e5 33. Bh3
Bd4 34. Bd7 Rb6 1/2-1/2

[Event "1er Open d'Espalion"]
[Site "Espalion (12)"]
[Date "2016.07.14"]
[Round "7.19"]
[White "Meyer, Bernard"]
[Black "Rollot, Nathalie"]
[Result "1/2-1/2"]
[WhiteElo "1354"]
[BlackElo "1344"]
[PlyCount "123"]
[EventDate "2016.??.??"]

1. d4 d5 2. c4 e6 3. Nc3 Nf6 4. Nf3 Bb4 5. Bd2 Nc6 6. e3 O-O 7. a3 Be7 8. Bd3
a6 9. O-O Re8 10. Re1 Na7 11. Qc2 h6 12. e4 dxe4 13. Nxe4 Bd7 14. Ng3 c5 15.
Qc1 Bf8 16. dxc5 Bc6 17. Bc2 b5 18. cxb6 Qxb6 19. Bc3 Bc5 20. Rf1 Ng4 21. Qe1
Rad8 22. h3 Bxf3 23. gxf3 Nf6 24. Bxf6 gxf6 25. Ne4 Bd4 26. Rb1 Kh8 27. b4 Qb7
28. c5 Rg8+ 29. Kh2 Be5+ 30. Kh1 Nb5 31. Qe3 Rg6 32. Nd6 Nxd6 33. Bxg6 fxg6 34.
Qxh6+ Qh7 35. Qxh7+ Kxh7 36. cxd6 Rxd6 37. Rbd1 Rc6 38. Rd7+ Kh6 39. Rfd1 Kg5
40. Kg2 Rb6 41. Re1 Kf5 42. Re4 Bb2 43. Rd3 g5 44. Rde3 Be5 45. h4 Bf4 46. Rc3
gxh4 47. Rc5+ e5 48. a4 Rd6 49. b5 axb5 50. axb5 Rb6 51. Re1 Ke6 52. Rb1 Kd6
53. Rc4 Kd5 54. Rc8 Ke6 55. Rc6+ Rxc6 56. bxc6 Kd6 57. Kh3 Bg5 58. Rb4 Kxc6 59.
Kg4 Kc5 60. Re4 Kd5 61. Re1 Kd4 62. Re4+ 1/2-1/2

[Event "1er Open d'Espalion"]
[Site "Espalion (12)"]
[Date "2016.07.14"]
[Round "7.20"]
[White "Jonker, Jan"]
[Black "Gaubert, Cedric"]
[Result "0-1"]
[WhiteElo "1380"]
[BlackElo "1518"]
[PlyCount "74"]
[EventDate "2016.??.??"]

1. d4 d5 2. c4 c6 3. Nc3 Nf6 4. Bg5 Qb6 5. Na4 Qb4+ 6. Bd2 Qd6 7. c5 Qc7 8. Rc1
g6 9. Nf3 Bg7 10. b4 O-O 11. Nc3 Nbd7 12. a4 e5 13. e3 exd4 14. exd4 Ne4 15.
Be3 f5 16. Bd3 Ndf6 17. O-O Ng4 18. h3 Nxe3 19. fxe3 Qe7 20. Nh2 Nxc3 21. Rxc3
Qxe3+ 22. Kh1 Qxd4 23. Rb3 Bd7 24. Nf3 Qf6 25. b5 Rab8 26. a5 Qe7 27. Qc2 Rfc8
28. Re1 Qd8 29. Qa2 cxb5 30. a6 Rxc5 31. Ne5 Bxe5 32. Rxe5 Rc1+ 33. Kh2 Qc7 34.
Qb2 Re1 35. Be2 Rb1 36. Rc3 Qxe5+ 37. g3 Rxb2 0-1

[Event "1er Open d'Espalion"]
[Site "Espalion (12)"]
[Date "2016.07.14"]
[Round "7.21"]
[White "Lemaire, Frederic"]
[Black "Bonot, Bernard"]
[Result "1-0"]
[WhiteElo "1468"]
[BlackElo "1374"]
[PlyCount "123"]
[EventDate "2016.??.??"]

1. e4 b6 2. d4 Bb7 3. Nc3 e6 4. Nf3 Bb4 5. e5 Ne7 6. Bd2 O-O 7. a3 Bxc3 8. Bxc3
a5 9. Bd3 f5 10. exf6 Rxf6 11. O-O Bxf3 12. gxf3 d5 13. Kh1 Ng6 14. Bxg6 Rxg6
15. Rg1 Qe8 16. Qd3 Rxg1+ 17. Rxg1 g6 18. Bd2 Kg7 19. Qe3 Kg8 20. Qe5 Qf7 21.
Rg4 Qxf3+ 22. Rg2 Qd1+ 23. Be1 Kf8 24. Qxe6 Na6 25. Qf6+ Kg8 26. Qe6+ Kf8 27.
Qf6+ Kg8 28. Rg1 Rf8 29. Qe6+ Rf7 30. Qc8+ Kg7 31. Qxa6 Qf3+ 32. Rg2 Qd1 33.
Qf1 Qxc2 34. f3 Qd1 35. Rf2 Re7 36. Bd2 Qxf1+ 37. Rxf1 Re2 38. Bc3 Kf7 39. Re1
Rf2 40. Re3 c6 41. Kg1 Rc2 42. f4 a4 43. h4 h5 44. Kf1 Rh2 45. Bb4 Rxb2 46.
Re7+ Kg8 47. Re6 Kg7 48. Rxc6 Rh2 49. Rxb6 Rxh4 50. Bd6 Rh3 51. Rb5 Kf7 52. Ra5
Ke6 53. Be5 Rxa3 54. Ra6+ Kf5 55. Rf6+ Ke4 56. Rxg6 h4 57. Rg5 h3 58. f5 Rf3+
59. Ke2 h2 60. Bxh2 Rxf5 61. Rg4+ Rf4 62. Rxf4# 1-0

[Event "1er Open d'Espalion"]
[Site "Espalion (12)"]
[Date "2016.07.14"]
[Round "7.22"]
[White "Antos, Claude"]
[Black "Bois, Samuel"]
[Result "0-1"]
[WhiteElo "1050"]
[BlackElo "1438"]
[PlyCount "56"]
[EventDate "2016.??.??"]

1. e4 d6 2. Nf3 Nf6 3. Bc4 e6 4. e5 Ng4 5. d4 dxe5 6. Nxe5 Nxe5 7. Bb5+ c6 8.
Qe2 Qxd4 9. Be3 Qxb2 10. Bf4 Bb4+ 11. Kf1 Qxa1 12. Qd1 O-O 13. Ke2 cxb5 14. c3
Bxc3 15. Qd6 Qb2+ 16. Nd2 Nc4 17. Qe7 Nc6 18. Qh4 Nxd2 19. Rd1 Nc4+ 20. Kf3
N6e5+ 21. Bxe5 Nxe5+ 22. Kg3 Ng6 23. Qg5 Be5+ 24. Kf3 b6 25. Rd8 Bb7+ 26. Kg4
Raxd8 27. Qh5 Rd4+ 28. Kg5 Qd2+ 0-1

[Event "1er Open d'Espalion"]
[Site "Espalion (12)"]
[Date "2016.07.14"]
[Round "7.23"]
[White "Fabre, Jean-Michel"]
[Black "Ausseil, Pascal"]
[Result "1-0"]
[WhiteElo "1328"]
[BlackElo "1399"]
[PlyCount "135"]
[EventDate "2016.??.??"]

1. d4 Nc6 2. c4 d5 3. cxd5 Qxd5 4. Nf3 Bg4 5. e3 e5 6. Be2 exd4 7. exd4 Nxd4 8.
Qa4+ Qd7 9. Qxd4 Qxd4 10. Nxd4 Bxe2 11. Nxe2 O-O-O 12. O-O Bc5 13. Nbc3 Nf6 14.
Bg5 Rhe8 15. Ng3 Rd2 16. Bxf6 gxf6 17. h3 Rxb2 18. Na4 Rb5 19. Nxc5 Rxc5 20.
Rfe1 Rxe1+ 21. Rxe1 b5 22. Rb1 Kb7 23. Ne4 Re5 24. Nc3 c6 25. a4 a6 26. axb5
axb5 27. Kf1 Kb6 28. Re1 Rc5 29. Re3 f5 30. Ke1 b4 31. Na4+ Kb5 32. Nxc5 Kxc5
33. Kd2 Kb5 34. Kc2 Ka4 35. Kb2 c5 36. Rb3 c4 37. Re3 f6 38. f4 Kb5 39. Rf3 Kc5
40. h4 Kd4 41. Kc2 b3+ 42. Kb2 Kc5 43. Kc3 Kb5 44. Rf1 Kc5 45. Rd1 Kb5 46. Rd4
Ka4 47. Rxc4+ Ka3 48. Rb4 h5 49. Rxb3+ Ka2 50. Kb4 Ka1 51. Rd3 Kb1 52. Rc3 Ka2
53. Rc6 Kb2 54. Rxf6 Kc2 55. Rxf5 Kd2 56. Rxh5 Ke2 57. f5 Kf2 58. f6 Kxg2 59.
f7 Kh3 60. f8=Q Kh2 61. Qf2+ Kh1 62. Qf1+ Kh2 63. Rf5 Kg3 64. Qf3+ Kxh4 65.
Rf4+ Kg5 66. Qg4+ Kh6 67. Rf3 Kh7 68. Rh3# 1-0

[Event "1er Open d'Espalion"]
[Site "Espalion (12)"]
[Date "2016.07.14"]
[Round "7.24"]
[White "Cernavska, Veronica"]
[Black "Ausseil-Bordignon, Aurelien"]
[Result "0-1"]
[WhiteElo "1399"]
[BlackElo "1009"]
[PlyCount "140"]
[EventDate "2016.??.??"]

1. c4 e5 2. e4 Bb4 3. a3 Bc5 4. Nh3 Nf6 5. d3 Ng4 6. f3 Ne3 7. Bxe3 Bxe3 8. Qe2
Bd4 9. Ra2 d6 10. Qd1 Bxh3 11. gxh3 O-O 12. Qd2 Qh4+ 13. Kd1 Qf2 14. Qxf2 Bxf2
15. a4 c6 16. Nc3 Rd8 17. Ke2 Bd4 18. Ra3 Bxc3 19. Rxc3 d5 20. cxd5 cxd5 21. d4
Nc6 22. Ke3 exd4+ 23. Kf4 dxc3 24. bxc3 dxe4 25. Bb5 exf3 26. Kxf3 Ne5+ 27. Kg3
a6 28. Be2 b5 29. a5 Rd2 30. Bh5 Nc4 31. Ra1 Rd3+ 32. Kf2 Rxc3 33. Bg4 Ra3 34.
Rc1 Rxa5 35. Re1 b4 36. Rc1 Ne5 37. Bh5 Nd3+ 38. Ke3 {
en réalité Ke1 a été joué dans la partie, mais c'est un coup illégal !} Nxc1
39. Bg4 Nd3 40. Kd2 Nf2 41. Bf3 Nxh3 42. Bxa8 Ra3 43. Kc2 b3+ 44. Kb2 Ra2+ 45.
Kc3 b2 46. Be4 b1=Q 47. Bxb1 Rxh2 48. Kc4 g6 49. Kc5 f5 50. Bd3 Nf2 51. Bxa6 f4
52. Bb7 g5 53. Bd5+ Kf8 54. Kc6 Rh3 55. Be6 g4 56. Kd7 g3 57. Bd5 Rh5 58. Bb7
Nd3 59. Kd6 Rh6+ 60. Kd5 g2 61. Kc4 g1=Q 62. Kxd3 Re6 63. Bd5 Re7 64. Kd2 Rd7
65. Kc3 Rxd5 66. Kc4 Rd8 67. Kb5 Qc1 68. Kb6 Rb8+ 69. Ka7 Rb1 70. Ka8 Qa3# 0-1

[Event "1er Open d'Espalion"]
[Site "Espalion (12)"]
[Date "2016.07.14"]
[Round "7.25"]
[White "Rollot, Priscillia"]
[Black "Muller-Moingt, Bastien"]
[Result "1-0"]
[WhiteElo "1210"]
[BlackElo "1009"]
[PlyCount "29"]
[EventDate "2016.??.??"]

1. e4 e5 2. Nf3 Nc6 3. Nc3 d6 4. Bc4 Nf6 5. O-O Bg4 6. d3 h6 7. Be3 Be7 8. h3
Bh5 9. d4 exd4 10. Bxd4 Nxd4 11. Qxd4 Bxf3 12. gxf3 Qd7 13. Kg2 O-O-O 14. Qxa7
g5 15. Qa8# 1-0

[Event "1er Open d'Espalion"]
[Site "Mulhouse"]
[Date "2016.07.14"]
[Round "7.1"]
[White "Saucey, Michel"]
[Black "Degraeve, Jean-Marc"]
[Result "0-1"]
[WhiteElo "2268"]
[BlackElo "2579"]
[PlyCount "76"]
[EventDate "2016.??.??"]

1. d4 Nf6 2. Nf3 g6 3. c4 Bg7 4. g3 O-O 5. Bg2 d6 6. O-O c6 7. Nc3 Bf5 8. Ng5
e5 9. d5 cxd5 10. cxd5 Na6 11. e4 Bd7 12. h3 Qa5 13. Be3 Nc5 14. a3 Na4 15.
Nxa4 Bxa4 16. b3 Bd7 17. Re1 Rfc8 18. Bd2 Qc5 19. Ra2 a5 20. Bf1 a4 21. b4 Qb6
22. Nf3 Bb5 23. Bxb5 Qxb5 24. Bg5 Rc3 25. Bxf6 Bxf6 26. Kg2 Rac8 27. Qe2 Qxe2
28. Rexe2 Kf8 29. Ne1 Ke8 30. Rec2 Kd7 31. Kf1 Bd8 32. Ke2 Bb6 33. Rxc3 Rxc3
34. Kd2 Rc4 35. f3 Bf2 36. g4 Bxe1+ 37. Kxe1 Rc3 38. Kf2 g5 0-1

[Event "1er Open d'Espalion"]
[Site "Espalion (12)"]
[Date "2016.07.15"]
[Round "8.1"]
[White "Degraeve, Jean-Marc"]
[Black "Moingt, Anne"]
[Result "1-0"]
[WhiteElo "2579"]
[BlackElo "2073"]
[PlyCount "73"]
[EventDate "2016.??.??"]

1. e4 c5 2. Nf3 d6 3. Bb5+ Bd7 4. Bxd7+ Qxd7 5. O-O Nc6 6. c3 Nf6 7. d4 Nxe4 8.
d5 Ne5 9. Re1 Nxf3+ 10. Qxf3 Nf6 11. Na3 e5 12. dxe6 fxe6 13. Bg5 Be7 14. Rad1
O-O 15. Qh3 Rad8 16. Qxe6+ Qxe6 17. Rxe6 Rf7 18. Bxf6 gxf6 19. Nc4 Bf8 20. Ne3
f5 21. f4 Be7 22. Rd5 Rdf8 23. a4 a6 24. a5 Bd8 25. Nc4 Bc7 26. Kf2 Rf6 27. Re2
Kf7 28. b4 cxb4 29. cxb4 Bb8 30. Rc2 Re8 31. Kf3 Re4 32. g4 Ke6 33. Nb6 Rxb4
34. gxf5+ Rxf5 35. Re2+ Kf6 36. Nd7+ Kg6 37. Rg2+ 1-0

[Event "1er Open d'Espalion"]
[Site "Espalion (12)"]
[Date "2016.07.15"]
[Round "8.2"]
[White "Degraeve, Thomas"]
[Black "Sulava, Nenad"]
[Result "0-1"]
[WhiteElo "1905"]
[BlackElo "2418"]
[PlyCount "62"]
[EventDate "2016.??.??"]

1. d4 Nf6 2. c4 c5 3. Nf3 cxd4 4. Nxd4 e6 5. Nc3 Bb4 6. Ndb5 d5 7. Qa4 Nc6 8.
a3 Bxc3+ 9. bxc3 dxc4 10. Qxc4 O-O 11. Nd4 Na5 12. Qa4 Bd7 13. Qc2 e5 14. Nf3
Qc7 15. e3 Bf5 16. Qb2 Ne4 17. Bd2 Rfd8 18. Be2 Nc4 19. Bxc4 Qxc4 20. Nxe5 Qa6
21. Nf3 Nc5 22. Ne5 f6 23. Qb4 Rac8 24. Qc4+ Qxc4 25. Nxc4 Nd3+ 26. Ke2 Rxc4
27. f3 b6 28. e4 Bc8 29. Rhd1 Ba6 30. Be1 Rxe4+ 31. fxe4 Nb2+ 0-1

[Event "1er Open d'Espalion"]
[Site "Espalion (12)"]
[Date "2016.07.15"]
[Round "8.3"]
[White "Lagunes, Robin"]
[Black "Saucey, Michel"]
[Result "0-1"]
[WhiteElo "1814"]
[BlackElo "2268"]
[PlyCount "64"]
[EventDate "2016.??.??"]

1. c4 c5 2. Nc3 g6 3. g3 Bg7 4. Bg2 Nc6 5. e3 Nh6 6. Nge2 Nf5 7. d3 d6 8. a3
O-O 9. O-O Qd7 10. Rb1 b6 11. b3 Bb7 12. Bb2 e6 13. Qd2 Rad8 14. Ne4 e5 15. f4
f6 16. N4c3 Na5 17. Bxb7 Qxb7 18. Ba1 Nc6 19. Nd5 Nfe7 20. Nec3 f5 21. e4 Qd7
22. b4 exf4 23. gxf4 Nxd5 24. Nxd5 Rde8 25. Bxg7 Kxg7 26. exf5 Qxf5 27. Rbe1
Nd4 28. Ne3 Qh3 29. Qf2 Re6 30. Qg3 Qh5 31. Qg4 Qxg4+ 32. Nxg4 Rxe1 0-1

[Event "1er Open d'Espalion"]
[Site "Espalion (12)"]
[Date "2016.07.15"]
[Round "8.4"]
[White "Marazanof, Jean-Francois"]
[Black "Moingt, Jean-Claude"]
[Result "0-1"]
[WhiteElo "1910"]
[BlackElo "2177"]
[PlyCount "53"]
[EventDate "2016.??.??"]

1. e4 c5 2. Nf3 Nc6 3. d4 cxd4 4. Nxd4 g6 5. Nc3 Bg7 6. Nb3 Nf6 7. Bg5 d6 8.
Be2 Be6 9. O-O O-O 10. f4 Na5 11. f5 Bc4 12. Bd3 Rc8 13. Qe2 Bxd3 14. cxd3 Nxb3
15. axb3 a6 16. d4 Qb6 17. Rad1 Rfe8 18. fxg6 hxg6 19. Kh1 Qxb3 20. Rd3 Qe6 21.
Rdf3 Rf8 22. Qd3 b5 23. d5 Qd7 24. e5 dxe5 25. Bxf6 exf6 26. Rxf6 Bxf6 27. Rxf6
0-1

[Event "1er Open d'Espalion"]
[Site "Espalion (12)"]
[Date "2016.07.15"]
[Round "8.5"]
[White "Caudrelier, Pierre"]
[Black "Lagunes, Jean-Renaud"]
[Result "0-1"]
[WhiteElo "1618"]
[BlackElo "2009"]
[PlyCount "58"]
[EventDate "2016.??.??"]

1. e4 d6 2. d4 Nf6 3. Nc3 g6 4. Be3 c6 5. Qd2 b5 6. Bd3 Nbd7 7. h3 e5 8. Nge2
a6 9. f4 exd4 10. Nxd4 c5 11. Nf3 Bb7 12. e5 Bxf3 13. exf6 Bc6 14. O-O-O Nxf6
15. Rhe1 Be7 16. g4 O-O 17. g5 b4 18. Ne2 Nh5 19. f5 d5 20. f6 Bd6 21. Nf4 d4
22. Nxh5 dxe3 23. Rxe3 Qc7 24. Qe2 Bb5 25. Bxb5 axb5 26. Rxd6 Qxd6 27. Ng7 Rxa2
28. Kb1 Qa6 29. c3 Qa4 0-1

[Event "1er Open d'Espalion"]
[Site "Espalion (12)"]
[Date "2016.07.15"]
[Round "8.6"]
[White "Flaujac, Benoit"]
[Black "Degraeve, Remy"]
[Result "1/2-1/2"]
[WhiteElo "1809"]
[BlackElo "2015"]
[PlyCount "107"]
[EventDate "2016.??.??"]

1. e4 e5 2. Nf3 Nc6 3. d4 exd4 4. Bc4 Bc5 5. c3 Nf6 6. e5 d5 7. Bb5 Ne4 8. Nxd4
O-O 9. Bxc6 bxc6 10. O-O Ba6 11. Re1 f6 12. e6 Qd6 13. Nd2 Bxd4 14. cxd4 Ng5
15. e7 Rfe8 16. Nb3 Ne6 17. Qg4 Rxe7 18. Bf4 Nxf4 19. Rxe7 Qxe7 20. Qxf4 Re8
21. h3 g5 22. Qg3 Qd6 23. Qc3 Re2 24. Re1 Kf7 25. Nc5 Qe7 26. Rxe2 Qxe2 27. Qa5
Bb5 28. a4 Qd1+ 29. Kh2 Qxd4 30. Qxc7+ Kg6 31. axb5 Qxc5 32. bxc6 d4 33. Qd7
Qc1 34. Qd6 Qc2 35. c7 d3 36. Qd7 d2 37. Qe8+ Kh6 38. Qd8 d1=Q 39. Qxf6+ Qg6
40. Qf8+ Qg7 41. Qxg7+ (41. c8=Q) 41... Kxg7 42. c8=Q Qd6+ 43. g3 Qb6 44. Qc3+
Kg6 45. Qd2 a5 46. Kg1 h6 47. Qd3+ Kg7 48. b3 Qe6 49. Kg2 Qc6+ 50. Qf3 Qb6 51.
Qd5 Qb4 52. Qd7+ Kg6 53. Qe6+ Kg7 54. Qe5+ 1/2-1/2

[Event "1er Open d'Espalion"]
[Site "Espalion (12)"]
[Date "2016.07.15"]
[Round "8.7"]
[White "Carno, Matthias"]
[Black "Jarreton, Herve"]
[Result "0-1"]
[WhiteElo "1792"]
[BlackElo "2010"]
[PlyCount "50"]
[EventDate "2016.??.??"]

1. e4 c5 2. Nc3 Nc6 3. f4 e6 4. Nf3 d5 5. exd5 exd5 6. d4 Nf6 7. Bb5 Bg4 8. Be3
cxd4 9. Bxd4 Be7 10. O-O O-O 11. a3 Nxd4 12. Qxd4 Qc7 13. Qd2 Bxf3 14. Rxf3
Qb6+ 15. Kh1 d4 16. Bd3 dxc3 17. Qxc3 Rac8 18. Qe5 Bd6 19. Qf5 Qxb2 20. Rb1 Rc5
21. Qh3 Qd4 22. g4 g6 23. Qg2 Re8 24. h4 Nd5 25. Qd2 Re4 0-1

[Event "1er Open d'Espalion"]
[Site "Espalion (12)"]
[Date "2016.07.15"]
[Round "8.8"]
[White "Tagnon, Nicole"]
[Black "Kohler, Paul"]
[Result "1-0"]
[WhiteElo "1935"]
[BlackElo "1864"]
[PlyCount "53"]
[EventDate "2016.??.??"]

1. e4 e6 2. d4 a6 3. Nf3 b5 4. Bd3 Bb7 5. O-O Nf6 6. Re1 c5 7. c3 Qc7 8. Bg5
Be7 9. Nbd2 d6 10. e5 dxe5 11. dxe5 Nd5 12. Bxe7 Nxe7 13. Ne4 Bxe4 14. Bxe4
Nbc6 15. Qe2 Rd8 16. a4 Qb8 17. axb5 axb5 18. g3 g6 19. Ra6 Nxe5 20. Ra8 Nxf3+
21. Bxf3 Qb6 22. Rxd8+ Kxd8 23. Qe5 Rf8 24. Qg7 Ke8 25. Ra1 Nc8 26. Qf6 Qd8 $4
27. Bc6+ 1-0

[Event "1er Open d'Espalion"]
[Site "Espalion (12)"]
[Date "2016.07.15"]
[Round "8.9"]
[White "Haverlan, Jules"]
[Black "Rollot, Jean-Louis"]
[Result "1/2-1/2"]
[WhiteElo "1457"]
[BlackElo "1914"]
[PlyCount "94"]
[EventDate "2016.??.??"]

1. e4 d6 2. d4 Nf6 3. Nc3 g6 4. Be2 c6 5. Be3 b5 6. f3 Nbd7 7. Qd2 Bb7 8. a4 b4
9. Na2 a5 10. c3 bxc3 11. Nxc3 Bg7 12. Nh3 Ba6 13. Nf4 Bxe2 14. Nfxe2 Rb8 15.
O-O O-O 16. Rfb1 Ne8 17. Nc1 Nc7 18. Qd3 Qc8 19. Qc4 Qa6 20. Qxa6 Nxa6 21. Nd3
Nb4 22. Nxb4 Rxb4 23. Ne2 Rfb8 24. Ra2 Nb6 25. Bd2 Rxa4 26. Rxa4 Nxa4 27. b3 c5
28. dxc5 Nxc5 29. Bxa5 Rxb3 30. Rxb3 Nxb3 31. Bc3 Nc5 32. Kf2 f5 33. Bxg7 Kxg7
34. Ke3 fxe4 35. fxe4 Kf6 36. Kd4 Ne6+ 37. Ke3 Ke5 38. Nc3 Nc5 39. Nd5 Nxe4 40.
Nxe7 d5 41. Nc6+ Kd6 42. Nb4 Nc5 43. Nc2 Nb3 44. Nb4 d4+ 45. Kd3 Kc5 46. Na6+
Kd5 47. Nb4+ Kc5 1/2-1/2

[Event "1er Open d'Espalion"]
[Site "Espalion (12)"]
[Date "2016.07.15"]
[Round "8.10"]
[White "Brison, Lucas"]
[Black "Rollot, Florence"]
[Result "1-0"]
[WhiteElo "1856"]
[BlackElo "1845"]
[PlyCount "121"]
[EventDate "2016.??.??"]

1. c4 Nf6 2. g3 g6 3. Bg2 Bg7 4. Nc3 c5 5. e3 Nc6 6. Nge2 O-O 7. O-O a6 8. d4
cxd4 9. Nxd4 Ne5 10. b3 d6 11. h3 Qc7 12. Bb2 Bd7 13. Rc1 Nc6 14. Nd5 Qd8 15.
Nxc6 Bxc6 16. Nxf6+ Bxf6 17. Bxf6 exf6 18. Qd4 Qe7 19. Bxc6 bxc6 20. Rfd1 Rfd8
21. Qb6 Qd7 22. Kg2 Re8 23. Rd2 h5 24. Rcd1 Re6 25. Qb4 Rd8 26. c5 d5 27. e4
Qa7 28. exd5 cxd5 29. Rxd5 Rxd5 30. Rxd5 Qa8 31. Qc4 Qc6 32. Kh2 Re1 33. Rd8+
Kg7 34. Qd5 Qxd5 35. Rxd5 Re2 36. Kg2 Rxa2 37. Rd4 Kf8 38. Ra4 Rxa4 39. bxa4
Ke7 40. Kf3 Kd7 41. Ke4 Kc6 42. Kd4 a5 43. h4 g5 44. f4 gxh4 45. gxh4 f5 46.
Kc4 f6 47. Kd4 Kc7 48. Kd5 Kd7 49. c6+ Kc7 50. Ke6 Kxc6 51. Kxf5 Kc5 52. Kxf6
Kb4 53. Kg7 Kxa4 54. f5 Kb3 55. f6 a4 56. f7 a3 57. f8=Q Kb2 58. Kg6 a2 59.
Kxh5 Kb1 60. Qf1+ Kb2 61. Kg6 1-0

[Event "1er Open d'Espalion"]
[Site "Espalion (12)"]
[Date "2016.07.15"]
[Round "8.11"]
[White "Mourgues, Joelle"]
[Black "Dubois, Martine"]
[Result "0-1"]
[WhiteElo "1717"]
[BlackElo "1967"]
[PlyCount "122"]
[EventDate "2016.??.??"]

1. Nf3 d5 2. g3 c6 3. d3 Bg4 4. Bg2 f6 5. Nbd2 e5 6. O-O Qc8 7. Re1 Bh3 8. Bh1
g5 9. e4 h5 10. Nf1 d4 11. c3 c5 12. Qa4+ Nc6 13. Bxg5 fxg5 14. Nxe5 Bd7 15.
Nxd7 Qxd7 16. e5 Rh6 17. cxd4 Nxd4 18. Qxd7+ Kxd7 19. Rac1 Rb8 20. Be4 Rb6 21.
b3 Ra6 22. a4 Nxb3 23. Rb1 Rb6 24. Bd5 Nd4 25. Bxg8 Nf3+ 26. Kg2 Nxe1+ 27. Rxe1
Rb4 28. Nd2 Rxa4 29. Bc4 b5 30. e6+ Ke8 31. Bd5 Be7 32. Bc6+ Kd8 33. Nc4 Ra6
34. Ne5 b4 35. Bd5 Kc7 36. Nd7 Rd8 37. Bc4 Ra5 38. f4 Ra3 39. f5 Rxd7 40. exd7
Kxd7 41. Kf3 a5 42. Re6 b3 43. Rb6 a4 44. Ke4 Kc7 45. Rb5 Kc6 46. Ke5 Ra1 47.
Ke6 Re1+ 48. Kf7 Bd6 49. f6 Be5 50. Kg6 Rf1 51. f7 b2 52. d4 Rf6+ 53. Kxg5 Bxd4
54. Rb8 a3 55. Ba2 c4 56. f8=Q Rxf8 57. Rxf8 c3 58. Rc8+ Kb5 59. Rc4 $4 b1=Q
60. Bxb1 Kxc4 61. Bg6 Kb3 0-1

[Event "1er Open d'Espalion"]
[Site "Espalion (12)"]
[Date "2016.07.15"]
[Round "8.12"]
[White "Malart, Jacques"]
[Black "Mestrallet, Ivan"]
[Result "0-1"]
[WhiteElo "1687"]
[BlackElo "1910"]
[PlyCount "48"]
[EventDate "2016.??.??"]

1. e4 e6 2. d4 d5 3. exd5 exd5 4. Nc3 Nf6 5. Nf3 Bb4 6. g3 O-O 7. Bg2 Ne4 8.
O-O Nxc3 9. bxc3 Bxc3 10. Rb1 h6 11. Ne5 Nc6 12. Nxc6 bxc6 13. Qd3 Ba5 14. Ba3
Re8 15. c4 Ba6 16. Bc5 Bxc4 17. Qa3 Bxf1 18. Qxa5 Bxg2 19. Kxg2 Rb8 20. Rc1 Rb2
21. Qa6 Qf6 22. Rf1 Ree2 23. Qc8+ Kh7 24. Kh3 Rxf2 0-1

[Event "1er Open d'Espalion"]
[Site "Espalion (12)"]
[Date "2016.07.15"]
[Round "8.14"]
[White "Criticos, Kris"]
[Black "Kedinger, Christian"]
[Result "1-0"]
[WhiteElo "1641"]
[BlackElo "1820"]
[PlyCount "52"]
[EventDate "2016.??.??"]

1. f4 g6 2. Nf3 Bg7 3. e3 d5 4. d4 c5 5. c3 b6 6. Bd3 Nf6 7. O-O O-O 8. Ne5 Ne4
9. Nd2 Nxd2 10. Bxd2 f6 11. Nf3 Nc6 12. Nh4 e5 13. fxe5 fxe5 14. Rxf8+ Qxf8 15.
Qe2 Qe7 16. g3 c4 17. Bxc4 dxc4 18. Qxc4+ Kh8 19. Qxc6 Bb7 20. Qxg6 Bf6 21. Qh5
Rg8 22. Rf1 Rg5 23. Qe2 exd4 24. Qf2 dxe3 25. Bxe3 Bg7 26. Bxg5 Qxg5 1-0

[Event "1er Open d'Espalion"]
[Site "Espalion (12)"]
[Date "2016.07.15"]
[Round "8.15"]
[White "Bois, Samuel"]
[Black "Verat-Fayolle, Celian"]
[Result "0-1"]
[WhiteElo "1438"]
[BlackElo "1680"]
[PlyCount "84"]
[EventDate "2016.??.??"]

1. c4 e5 2. g3 Nf6 3. Bg2 Nc6 4. Nc3 Bc5 5. e3 O-O 6. Nf3 d6 7. O-O Bg4 8. h3
Bh5 9. d4 exd4 10. exd4 Nxd4 11. g4 Nxf3+ 12. Qxf3 Bg6 13. Qxb7 Rb8 14. Qc6 Nd7
15. Nb5 Bb6 16. Bf4 f5 17. Bd5+ Kh8 18. g5 Ne5 19. Bxe5 Be8 20. Nxc7 Bxc6 21.
Bxg7+ Kxg7 22. Ne6+ Kh8 23. Nxd8 Bxd5 24. cxd5 Bxd8 25. f4 Rxb2 26. Rac1 Re8
27. Rce1 Bb6+ 28. Kh1 Ree2 29. Rxe2 Rxe2 30. Rc1 Rxa2 31. Rc6 Bc5 32. Rc8+ Kg7
33. Rc7+ Kg6 34. Rd7 a5 35. h4 a4 36. h5+ Kxh5 37. Rxh7+ Kg6 38. Rh6+ Kg7 39.
Rh7+ Kxh7 40. g6+ Kh6 41. g7 Ra1+ 42. Kg2 Kxg7 0-1

[Event "1er Open d'Espalion"]
[Site "Espalion (12)"]
[Date "2016.07.15"]
[Round "8.16"]
[White "Ferraye, Nicolas"]
[Black "Marie, Olivier"]
[Result "1-0"]
[WhiteElo "1629"]
[BlackElo "1560"]
[PlyCount "41"]
[EventDate "2016.??.??"]

1. e4 e5 2. Nf3 d5 3. exd5 e4 4. Qe2 Nf6 5. Nc3 Be7 6. Nxe4 Nxd5 7. d4 O-O 8.
c3 Bf5 9. Nfd2 Re8 10. Qf3 Bd7 11. Be2 Bc6 12. O-O Nd7 13. Bc4 N7b6 14. Bb3 Bf8
15. c4 Nf6 16. d5 Nfxd5 17. cxd5 Nxd5 18. Qg4 Nb4 19. Ng5 Nd5 20. Qf5 g6 21.
Qxf7+ 1-0